Агрохимия ингибиторов нитрификации и уреазы в рисоводстве (Запись № 13674974)
[ простой вид ]
| 000 -МАРКЕР | |
|---|---|
| контрольное поле | 02176nam0a2200397 4500 |
| 001 - ИДЕНТИФИКАТОР ЗАПИСИ | |
| контрольное поле | RU\NLR\BIBL_A\022564536 |
| 005 - ИДЕНТИФИКАТОР ВЕРСИИ | |
| контрольное поле | 20260420045635.0 |
| 010 ## - МЕЖДУНАРОДНЫЙ СТАНДАРТНЫЙ НОМЕР КНИГИ (ISBN) | |
| Номер (ISBN) | 978-5-7992-1178-3 |
| Тираж | 1000 |
| 021 ## - НОМЕР ГОСУДАРСТВЕННОЙ РЕГИСТРАЦИИ | |
| Код страны | Российская Федерация |
| Номер | КН-П-25-022047 |
| Номер Листа государственной регистраци | КН-П-25-2233 |
| 035 ## - ДРУГИЕ СИСТЕМНЫЕ НОМЕРА | |
| Идентификатор записи | (NLR Aleph) 022564536 |
| 100 ## - ДАННЫЕ ОБЩЕЙ ОБРАБОТКИ | |
| Данные общей обработки | 20250610d2025 k y0rusy50 ca |
| 101 0# - ЯЗЫК РЕСУРСА | |
| Язык текста, звукозаписи и т.д. | русский |
| 102 ## - СТРАНА ПУБЛИКАЦИИ ИЛИ ПРОИЗВОДСТВА | |
| Страна публикации | Российская Федерация |
| 105 ## - ПОЛЕ КОДИРОВАННЫХ ДАННЫХ: ТЕКСТОВЫЕ МАТЕРИАЛЫ, МОНОГРАФИЧЕСКИЕ | |
| Кодированные данные о монографическом текстовом документе | a z 000yy |
| 181 #0 - ПОЛЕ КОДИРОВАННЫХ ДАННЫХ: ВИД СОДЕРЖАНИЯ | |
| Код вида содержания (ISBD) | i |
| Код характеристики содержания (ISBD) | axxe |
| 182 #0 - ПОЛЕ КОДИРОВАННЫХ ДАННЫХ: ТИП СРЕДСТВА | |
| Код типа средства (ISBD) | n - непосредственное |
| 200 1# - ЗАГЛАВИЕ И СВЕДЕНИЯ ОБ ОТВЕТСТВЕННОСТИ | |
| Основное заглавие | Агрохимия ингибиторов нитрификации и уреазы в рисоводстве |
| Сведения, относящиеся к заглавию | монография |
| Первые сведения об ответственности | А. Х. Шеуджен, М. А. Перепелин |
| Последующие сведения об ответственности | Российская академия наук, ФГБОУ ВО "Кубанский государственный аграрный университет имени И. Т. Трубилина", ФГБОУ "Федеральный научный центр риса" |
| 203 ## - ВИД СОДЕРЖАНИЯ И ТИП СРЕДСТВА | |
| Вид содержания | Текст |
| Дополнительные сведения об издании | визуальный |
| Тип средства | непосредственный |
| 210 ## - ПУБЛИКАЦИЯ, РАСПРОСТРАНЕНИЕ И ДР. | |
| Место издания, распространения и т.д. | Майкоп |
| Имя издателя, распространителя и т. д. | Полиграф-ЮГ |
| Дата издания, распространения и т.д. | 2025 |
| 215 ## - ФИЗИЧЕСКАЯ ХАРАКТЕРИСТИКА | |
| Специфическое обозначение материала и объем | 179 с. |
| Другие сведения о физической характеристике | ил., табл. |
| Размеры | 22 |
| 300 ## - ОБЩИЕ ПРИМЕЧАНИЯ | |
| Текст примечания | Загл. корешка: Ингибиторов нитрификации и уреазы |
| 320 ## - ПРИМЕЧАНИЯ О НАЛИЧИИ В ДОКУМЕНТЕ БИБЛИОГРАФИИ / УКАЗАТЕЛЯ | |
| Текст примечания | Библиогр.: с. 152–178 (369 назв.) |
| 516 1# - ЗАГЛАВИЕ НА КОРЕШКЕ [ИЗДАНИЯ] | |
| Заглавие на корешке | Ингибиторов нитрификации и уреазы |
| 606 1# - НАИМЕНОВАНИЕ ТЕМЫ КАК ПРЕДМЕТ | |
| Наименование темы | Рисовые севообороты |
| Тематический подзаголовок | Почвы |
| -- | Роль азота |
| Системный номер авторитетной/нормативной записи | 2512328 |
| Идентификатор авторитетной/нормативной записи | RU\NLR\AUTH\6601704254 |
| 606 1# - НАИМЕНОВАНИЕ ТЕМЫ КАК ПРЕДМЕТ | |
| Наименование темы | Рис |
| Тематический подзаголовок | Влияние ингибиторов нитрификации почвы |
| Системный номер авторитетной/нормативной записи | 1154284 |
| Идентификатор авторитетной/нормативной записи | RU\NLR\AUTH\66461065 |
| 606 1# - НАИМЕНОВАНИЕ ТЕМЫ КАК ПРЕДМЕТ | |
| Наименование темы | Рис |
| Тематический подзаголовок | Почвенные условия |
| -- | Влияние уреазы |
| Системный номер авторитетной/нормативной записи | 2676196 |
| Идентификатор авторитетной/нормативной записи | RU\NLR\AUTH\6601759589 |
| 686 1# - ИНДЕКСЫ ДРУГИХ КЛАССИФИКАЦИЙ | |
| Индекс | П032.341.1 |
| 686 1# - ИНДЕКСЫ ДРУГИХ КЛАССИФИКАЦИЙ | |
| Индекс | П212.3-272.5 |
| 686 1# - ИНДЕКСЫ ДРУГИХ КЛАССИФИКАЦИЙ | |
| Индекс | П212.3-434.11 |
| 700 #1 - ИМЯ ЛИЦА - ПЕРВИЧНАЯ ОТВЕТСТВЕННОСТЬ | |
| Графика поля | Кириллица |
| Материалы, к которым относится поле | rus |
| Начальный элемент ввода | Шеуджен |
| Часть имени, кроме начального элемента ввода | А. Х. |
| Дополнения к именам, кроме дат | д-р биол. наук |
| Даты | 1952- |
| Расширение инициалов личного имени | Асхад Хазретович |
| Системный номер авторитетной/нормативной записи | 164500 |
| Идентификатор авторитетной/нормативной записи | RU\NLR\AUTH\770164544 |
| 701 #1 - ИМЯ ЛИЦА - АЛЬТЕРНАТИВНАЯ ОТВЕТСТВЕННОСТЬ | |
| Начальный элемент ввода | Перепелин |
| Часть имени, кроме начального элемента ввода | М. А. |
| Расширение инициалов личного имени | Максим Андреевич |
| 942 ## - ДОПОЛНИТЕЛЬНЫЕ ЭЛЕМЕНТЫ ЗАПИСИ (АБИС) | |
| Тип экземпляра АБИС | Книга |
| 980 ## - КОЛЛЕКЦИЯ | |
| Название коллекции | Национальная библиография |
Нет доступных экземпляров.